Diccionario de Derecho procesal civil/ (Registro nro. 9746)

Detalles MARC
000 -LEADER
fixed length control field 00557nam a2200193Ia 4500
005 - FECHA Y HORA DE LA ÚLTIMA TRANSACCIÓN
control field 20231013154750.0
008 - FIXED-LENGTH DATA ELEMENTS--GENERAL INFORMATION
fixed length control field 231013s9999 xx 000 0 und d
020 ## - INTERNATIONAL STANDARD BOOK NUMBER
International Standard Book Number 968-432-189-9
040 ## - CATALOGING SOURCE
Original cataloging agency UPAN
Transcribing agency Biblioteca San Vicente
Description conventions RCAA2
041 ## - LANGUAGE CODE
Language code of text/sound track or separate title spa
082 ## - DEWEY DECIMAL CLASSIFICATION NUMBER
Classification number 340.03
Item number P164d
año de publicación 1994
100 ## - MAIN ENTRY--PERSONAL NAME
Personal name Pallares, Eduardo
Relator code aut.
245 #0 - TITLE STATEMENT
Title Diccionario de Derecho procesal civil/
Statement of responsibility, etc Eduardo Pallares
250 ## - EDITION STATEMENT
Edition statement 21° ed.
260 ## - PUBLICATION, DISTRIBUTION, ETC. (IMPRINT)
Place of publication, distribution, etc México:
Name of publisher, distributor, etc Porrúa,
Date of publication, distribution, etc 1994
300 ## - PHYSICAL DESCRIPTION
Extent 907 p.;
Dimensions 24 cm.
650 ## - SUBJECT ADDED ENTRY--TOPICAL TERM
Source of heading or term LEMB
Form subdivision Diccionario
General subdivision Derecho
942 ## - ADDED ENTRY ELEMENTS (KOHA)
Koha item type Libros
Source of classification or shelving scheme Dewey Decimal Classification
Existencias
Withdrawn status Lost status Source of classification or shelving scheme Damaged status Not for loan Collection code Home library Current library Date acquired Total Checkouts Full call number Barcode Date last seen Copy number Price effective from Koha item type
    Dewey Decimal Classification     Referencia Biblioteca UPAN San Vicente Biblioteca UPAN San Vicente 13/10/2023   340.03 P164d 12002070 13/10/2023 01 13/10/2023 Referencia